000
00252nam a2200109Ia 4500
008
220204s9999 xx 000 0 und d
082
_a
82-3
_b
BOG
100
_a
Bogner, Norman
245
0
_a
Seventh avenue
260
_a
New York
_b
Dell
_c
1977
942
_c
BK
999
_c
38571
_d
38571